Pasapalabra : el nuevo sinónimo de diversión [juego] /

Guardado en:
Formato: Objeto Físico
Publicado: Argentina : The toy company, [201?]
Materias:
Etiquetas: Agregar Etiqueta
Sin Etiquetas, Sea el primero en etiquetar este registro!
LEADER 00930nrm a22001455g 4500
001 CEM.cems019478
008 130507b201?##################0###0#####d
005 20220830190545.0
245 0 0 |a Pasapalabra :  |b el nuevo sinónimo de diversión [juego] /  |c Toyco. 
260 |a Argentina :  |b The toy company,  |c [201?] 
300 |a 1 juego (2 tableros, 2 libros con preguntas para el Rosco, 1 ruleta de puntuación, 30 cartas "palabras misteriosas" con 5 palabras por cara, 30 cartas "Juego de memoria" con 8 palabras por cara, 2 reveladores de memoria, anotador, fichas marcadoras, 1 reloj de arena) ; en caja 27 x 20 x 7 cm. + instrucciones. 
500 |a Para 3 a más jugadores a partir de 8 años objetivo: primer juego, adivinar las 5 palabras. Segundo juego, juego de la memoria. Rosco final, definir las palabras. 
082 0 4 |a J793.734 
653 |a 1. juegos de palabras y definiciones 
859 |a CEMS  |b BIB. CEMS - Ludoteca  |h J793.734  |i T668  |p 453.17  |t Ej.1